To the supream authority the Parliament of the Common-VVealth of England. : A remonstrance humbly presented by Thomas Wilkes, on behalfe of all the old distressed officers, souldiers, and other creditors upon the publique faith, within this nation, for satisfaction of all their just debts due before 1647. Shewing the severall lamentable conditions of many of them for want of the same, with a visible way for their satisfaction and reliefe.

Bibliographic Details
Main Author: Wilkes, Thomas, fl. 1652
Format: eBook
Language:English
Published: [London : publisher not identified, 1652]
Series:Early English books online.
Subjects:
Online Access:Connect to the full text of this electronic book

MARC

Tag First Indicator Second Indicator Subfields
LEADER 00000nam a2200000 4500
001 in00004288749
005 20200813075623.0
006 m g d
007 cr bn |||a|bb|
008 930628s1652 enk o 00| | eng d
035 |a (UnM)99863811 
037 |a CL0051000003  |b ProQuest Information and Learning. 300 N. Zeeb Rd., Ann Arbor, MI 48106 
040 |a Cu-RivES  |c Cu-RivES  |d Uk-ES  |d CStRLIN  |e dcrb  |d WaOLN 
100 1 |a Wilkes, Thomas,  |d fl. 1652. 
245 1 0 |a To the supream authority the Parliament of the Common-VVealth of England. :  |b A remonstrance humbly presented by Thomas Wilkes, on behalfe of all the old distressed officers, souldiers, and other creditors upon the publique faith, within this nation, for satisfaction of all their just debts due before 1647. Shewing the severall lamentable conditions of many of them for want of the same, with a visible way for their satisfaction and reliefe. 
260 |a [London :  |b publisher not identified,  |c 1652] 
300 |a 1 online resource (7, [1] pages) 
336 |a text  |b txt  |2 rdacontent 
337 |a computer  |b c  |2 rdamedia 
338 |a online resource  |b cr  |2 rdacarrier 
500 |a Caption title. 
500 |a Place of publication from Wing; dated at end: 19th. of July, 1652. 
500 |a Annotation on Thomason copy: "July. 19. 1652". 
500 |a Reproduction of the original in the British Library. 
510 4 |a Wing (2nd edition)  |c W2174. 
510 4 |a Thomason  |c E.671[10]. 
533 |a Electronic reproduction.  |b Ann Arbor, Mich. :  |c UMI,  |d 1999-  |f (Early English books online)  |n Digital version of: (Thomason Tracts ; 103:E671[10])  |7 s1999 miun s 
651 4 |a Great Britain  |x Economic conditions  |y 17th century. 
651 4 |a Great Britain  |x History  |y Commonwealth and Protectorate, 1649-1660  |v Early works to 1800. 
830 0 |a Early English books online. 
856 4 0 |u http://proxy.library.tamu.edu/login?url=https://search.proquest.com/docview/2240919656  |z Connect to the full text of this electronic book  |t 0 
999 f f |s 7faabc0e-564c-3dbc-a846-84b424db5f70  |i 95aa33e6-1b06-3a63-a7da-1d42831f6b04  |t 0 
952 f f |a Texas A&M University  |b College Station  |c Electronic Resources  |d Available Online  |t 0  |h No information provided 
998 f f |t 0  |l Available Online